[Event "AUT-ch Vor2 Internet"]
[Site "Playchess.com INT"]
[Date "2020.04.13"]
[Round "3"]
[White "Breneis, Gerhard"]
[Black "Nisavic, Uros"]
[Result "1-0"]
[WhiteElo "1990"]
[BlackElo "2073"]
[PlyCount "137"]
[EventDate "2020.04.13"]
[EventType "swiss (blitz)"]
[EventRounds "9"]
[EventCountry "AUT"]
[SourceTitle "CBM 195 Extra"]
[Source "ChessBase"]
[SourceDate "2020.05.31"]
[SourceVersion "1"]
[SourceVersionDate "2020.05.31"]
[SourceQuality "1"]

1. e4 e5 2. Nc3 Nf6 3. f4 d5 4. fxe5 Nxe4 5. d3 Qh4+ 6. g3 Nxg3 7. Nf3 Qh5 8. Nxd5 Nxh1 9. Nxc7+ Kd8 10. Nxa8 Bg4 11. Bg2 Bxf3 12. Qxf3 Qxf3 13. Bxf3 Nc6 14. Be3 Bb4+ 15. c3 Nxe5 16. Bxh1 Bd6 17. 0-0-0 Kc8 18. Bxa7 Nc6 19. Bxc6 bxc6 20. Bf2 Kb7 21. Nb6 Re8 22. Nc4 Bf4+ 23. Kb1 Re2 24. Bg3 Bg5 25. Nd6+ Kb6 26. Nxf7 Bf6 27. Nd6 h5 28. Ne4 Be7 29. Bf2+ Kb7 30. Rd2 Rxd2 31. Nxd2 g5 32. Ne4 g4 33. Kc2 h4 34. d4 g3 35. hxg3 h3 36. Bg1 Bd8 37. Nf2 Bc7 38. Nxh3 Bxg3 39. Bf2 Bd6 40. Ng1 Be7 41. Ne2 Bg5 42. Nc1 Bf6 43. b3 Be7 44. Be1 Bf6 45. Bd2 Be7 46. Nd3 Bf6 47. Nb2 Be7 48. a4 Bf6 49. b4 Be7 50. Kb3 Bf6 51. Nc4 Be7 52. Bf4 Bh4 53. Bd6 Be1 54. Na5+ Kb6 55. c4 Bf2 56. Bc5+ Kc7 57. b5 Be1 58. Nxc6 Bf2 59. a5 Be1 60. a6 Bf2 61. Nb4 Kb8 62. Nd5 Bg3 63. b6 Ka8 64. Ka4 Bh2 65. Kb5 Bg3 66. Nf6 Bh2 67. Kc6 Bc7 68. b7+ Kb8 69. Nd7# 1-0

[Event "AUT-ch Vor2 Internet"]
[Site "Playchess.com INT"]
[Date "2020.04.13"]
[Round "1"]
[White "Dreher, David"]
[Black "Nisavic, Uros"]
[Result "0-1"]
[WhiteElo "1888"]
[BlackElo "2073"]
[PlyCount "68"]
[EventDate "2020.04.13"]
[EventType "swiss (blitz)"]
[EventRounds "9"]
[EventCountry "AUT"]
[SourceTitle "CBM 195 Extra"]
[Source "ChessBase"]
[SourceDate "2020.05.31"]
[SourceVersion "1"]
[SourceVersionDate "2020.05.31"]
[SourceQuality "1"]

1. d4 d5 2. Bf4 e6 3. e3 Nf6 4. c3 Bd6 5. Bg3 b6 6. Nd2 Bb7 7. Ngf3 0-0 8. Bd3 c5 9. Bxd6 Qxd6 10. Ne5 Nbd7 11. f4 Ne4 12. 0-0 f5 13. Ndf3 Rf6 14. Nxd7 Qxd7 15. Ne5 Qe8 16. Bxe4 fxe4 17. Rf2 Ba6 18. Qg4 cxd4 19. cxd4 Rc8 20. f5 exf5 21. Rxf5 Rxf5 22. Qxf5 Rc2 23. b4 Bc8 24. Qf4 Qf8 25. Qxf8+ Kxf8 26. Kf1 Ba6+ 27. Kg1 Ke7 28. a4 Rc3 29. Kf2 Rc2+ 30. Kg3 Re2 31. Ra3 Bd3 32. Kf4 Rxg2 33. Nc6+ Kf6 34. Nxa7 g5# 0-1

[Event "AUT-ch Vor2 Internet"]
[Site "Playchess.com INT"]
[Date "2020.04.13"]
[Round "7"]
[White "Kucharski, Michael"]
[Black "Nisavic, Uros"]
[Result "1/2-1/2"]
[WhiteElo "1927"]
[BlackElo "2073"]
[PlyCount "80"]
[EventDate "2020.04.13"]
[EventType "swiss (blitz)"]
[EventRounds "9"]
[EventCountry "AUT"]
[SourceTitle "CBM 195 Extra"]
[Source "ChessBase"]
[SourceDate "2020.05.31"]
[SourceVersion "1"]
[SourceVersionDate "2020.05.31"]
[SourceQuality "1"]

1. d4 d5 2. Nf3 Nf6 3. e3 e6 4. Bd3 Be7 5. 0-0 0-0 6. Nbd2 b6 7. b3 Bb7 8. Bb2 Nbd7 9. Re1 c5 10. c4 Ne4 11. Ne5 Rc8 12. Nxd7 Qxd7 13. Nxe4 dxe4 14. Be2 Bf6 15. Qc2 Rfd8 16. Rad1 Qe7 17. dxc5 bxc5 18. Bxf6 Qxf6 19. Rxd8+ Rxd8 20. Rd1 Kf8 21. Rxd8+ Qxd8 22. Qd1 Qa5 23. Qd6+ Ke8 24. Qb8+ Ke7 25. Qxb7+ Kf6 26. Qxe4 Qxa2 27. Qd3 a5 28. g3 g5 29. Qd8+ Kg6 30. Bd3+ f5 31. Qg8+ Kf6 32. Qh8+ Kg6 33. Qc3 a4 34. bxa4 Qxa4 35. g4 Qd1+ 36. Kg2 Qxg4+ 37. Kf1 Qd1+ 38. Kg2 Qg4+ 39. Kh1 Qd1+ 40. Kg2 Qg4+ 1/2-1/2

[Event "AUT-ch Vor2 Internet"]
[Site "Playchess.com INT"]
[Date "2020.04.13"]
[Round "6"]
[White "Nisavic, Uros"]
[Black "Gallob, Marko"]
[Result "1-0"]
[WhiteElo "2073"]
[BlackElo "1961"]
[PlyCount "75"]
[EventDate "2020.04.13"]
[EventType "swiss (blitz)"]
[EventRounds "9"]
[EventCountry "AUT"]
[SourceTitle "CBM 195 Extra"]
[Source "ChessBase"]
[SourceDate "2020.05.31"]
[SourceVersion "1"]
[SourceVersionDate "2020.05.31"]
[SourceQuality "1"]

1. d4 Nf6 2. c4 c5 3. d5 b5 4. cxb5 a6 5. bxa6 e6 6. Nc3 Bxa6 7. Nf3 g6 8. e4 Bxf1 9. Kxf1 Bg7 10. g3 0-0 11. Kg2 Na6 12. Bg5 Qb8 13. Qd2 Rc8 14. a4 Qb7 15. Bxf6 Bxf6 16. e5 Bg7 17. dxe6 dxe6 18. Nb5 Rd8 19. Qf4 Nb4 20. Rhd1 Nd5 21. Qe4 Qb8 22. b3 Qc8 23. Rac1 Qc6 24. Qc4 Bxe5 25. Qxc5 Qxc5 26. Rxc5 Bb2 27. Rd2 Bg7 28. Rdc2 Nb4 29. R2c4 Nd3 30. Rc7 Ne5 31. Nxe5 Bxe5 32. Rb7 Rac8 33. Rxc8 Rxc8 34. a5 Rc2 35. a6 Rc8 36. a7 Ra8 37. Nc7 Kg7 38. Nxa8 1-0

[Event "AUT-ch Vor2 Internet"]
[Site "Playchess.com INT"]
[Date "2020.04.13"]
[Round "8"]
[White "Nisavic, Uros"]
[Black "Haas, Gerald"]
[Result "1-0"]
[WhiteElo "2073"]
[BlackElo "1906"]
[PlyCount "71"]
[EventDate "2020.04.13"]
[EventType "swiss (blitz)"]
[EventRounds "9"]
[EventCountry "AUT"]
[SourceTitle "CBM 195 Extra"]
[Source "ChessBase"]
[SourceDate "2020.05.31"]
[SourceVersion "1"]
[SourceVersionDate "2020.05.31"]
[SourceQuality "1"]

1. d4 d5 2. c4 e6 3. Nc3 Nf6 4. Nf3 c6 5. Bg5 Nbd7 6. e3 Be7 7. Bd3 b6 8. 0-0 Bb7 9. Rc1 h6 10. Bh4 0-0 11. Qe2 Re8 12. Rfd1 Nf8 13. Ne5 N6d7 14. Bxe7 Qxe7 15. Nf3 f5 16. cxd5 cxd5 17. Bb5 a6 18. Ba4 b5 19. Nxb5 axb5 20. Bxb5 Rxa2 21. Rc7 Bc8 22. Rdc1 Ra8 23. Ne5 Rd8 24. Nc6 Qg5 25. Nxd8 Qxd8 26. Qc2 Nb6 27. Qc6 Rb8 28. Ra7 Kh8 29. Qc7 Qxc7 30. Rcxc7 g5 31. Re7 Nc4 32. Bxc4 dxc4 33. h4 g4 34. Re8 Kg8 35. Rc7 Rxb2 36. Rcxc8 1-0

[Event "AUT-ch Vor2 Internet"]
[Site "Playchess.com INT"]
[Date "2020.04.13"]
[Round "9"]
[White "Rosol, Philip"]
[Black "Nisavic, Uros"]
[Result "1-0"]
[WhiteElo "1468"]
[BlackElo "2073"]
[PlyCount "113"]
[EventDate "2020.04.13"]
[EventType "swiss (blitz)"]
[EventRounds "9"]
[EventCountry "AUT"]
[SourceTitle "CBM 195 Extra"]
[Source "ChessBase"]
[SourceDate "2020.05.31"]
[SourceVersion "1"]
[SourceVersionDate "2020.05.31"]
[SourceQuality "1"]

1. e4 e5 2. Nf3 Nc6 3. Bb5 Nf6 4. 0-0 Bc5 5. d3 d6 6. Bg5 0-0 7. Nc3 h6 8. Bh4 Be6 9. Ba4 Qe7 10. Bb3 Rad8 11. Nd5 Bxd5 12. Bxd5 Rfe8 13. c3 g5 14. Bg3 Bb6 15. a4 a6 16. Bb3 Nb8 17. Re1 Nbd7 18. Bc2 Nh5 19. Nd2 Nxg3 20. hxg3 Qf6 21. Qf3 Kg7 22. Nc4 Ba7 23. Ne3 Qxf3 24. gxf3 Kg6 25. Kg2 Rf8 26. Nd5 c6 27. Ne3 Nc5 28. b4 Ne6 29. Reb1 Ng7 30. b5 Bxe3 31. fxe3 axb5 32. axb5 Ra8 33. bxc6 bxc6 34. Kf2 Ne6 35. Ke2 Nc5 36. Rxa8 Rxa8 37. Rb6 Ra2 38. Kd2 Nb3+ 39. Rxb3 Ra1 40. Rb1 Ra2 41. Rb6 Ra1 42. Rxc6 Rg1 43. Rxd6+ f6 44. g4 Rg2+ 45. Kd1 Rf2 46. c4 Rxf3 47. Ke2 Rg3 48. c5 Rg2+ 49. Kd1 Rxg4 50. c6 Rg1+ 51. Kd2 Rg2+ 52. Kc3 h5 53. c7 h4 54. c8Q h3 55. Qxh3 Rf2 56. Rd7 Rf4 57. Qh7# 1-0

[Event "Bodensee op"]
[Site "Bregenz"]
[Date "2019.05.27"]
[Round "3"]
[White "Stavnjak, Lazar"]
[Black "Nisavic, Uros"]
[Result "1-0"]
[WhiteElo "2196"]
[BlackElo "1963"]
[PlyCount "93"]
[EventDate "2019.05.25"]
[EventType "swiss"]
[EventRounds "9"]
[EventCountry "AUT"]
[SourceTitle "CBM 190 Extra"]
[Source "ChessBase"]
[SourceDate "2019.07.15"]
[SourceVersion "1"]
[SourceVersionDate "2019.07.15"]
[SourceQuality "1"]

1. e4 e5 2. Nf3 Nc6 3. Bb5 Nf6 4. d3 Bc5 5. 0-0 d6 6. h3 0-0 7. c3 a6 8. Ba4 b5 9. Bc2 Bb6 10. Be3 Ne7 11. Bxb6 cxb6 12. d4 Ng6 13. Nbd2 Qc7 14. Rc1 Be6 15. d5 Bd7 16. Kh2 Rfc8 17. Re1 Qb7 18. Nf1 Rc5 19. Ne3 Rac8 20. Qd2 Qc7 21. a3 Qd8 22. g3 R8c7 23. Ng1 Qc8 24. Bd3 h6 25. Rf1 a5 26. Rce1 Nh7 27. f4 Ra7 28. f5 Ne7 29. g4 b4 30. cxb4 axb4 31. Qxb4 b5 32. Qd2 Ra4 33. Nf3 Nf6 34. Nd1 Nexd5 35. b4 Rc7 36. exd5 e4 37. Rxe4 Nxe4 38. Bxe4 f6 39. Nd4 Rxa3 40. Bg2 Qa8 41. Rf2 Ra1 42. Ne3 Qa4 43. Nc6 Kh8 44. Nf1 Rc8 45. Re2 Re8 46. Rxe8+ Bxe8 47. Qe3 1-0

[Event "AUT-ch U16"]
[Site "Sankt Veit an der Glan"]
[Date "2019.04.15"]
[Round "3"]
[White "Kienboeck, Benjamin"]
[Black "Nisavic, Uros"]
[Result "0-1"]
[WhiteElo "1754"]
[BlackElo "1971"]
[PlyCount "96"]
[EventDate "2019.04.14"]
[EventType "swiss"]
[EventRounds "7"]
[EventCountry "AUT"]
[SourceTitle "CBM 190 Extra"]
[Source "ChessBase"]
[SourceDate "2019.07.15"]
[SourceVersion "1"]
[SourceVersionDate "2019.07.15"]
[SourceQuality "1"]

1. e4 e5 2. Nf3 Nc6 3. d4 exd4 4. Nxd4 Bc5 5. Nxc6 bxc6 6. Bd3 Nf6 7. 0-0 0-0 8. Bg5 h6 9. Bh4 Be7 10. Nd2 Rb8 11. h3 d5 12. e5 Nd7 13. Bg3 Nc5 14. Nb3 Nxd3 15. cxd3 c5 16. Rc1 Ba6 17. Re1 c4 18. Nd4 Rxb2 19. e6 f5 20. Nc6 Qe8 21. Be5 Rb6 22. Nd4 c5 23. dxc4 Bxc4 24. Nf3 Rxe6 25. Re3 Bf6 26. Bd6 Rxe3 27. Bxf8 Rd3 28. Qe1 Qxe1+ 29. Nxe1 Rc3 30. Rxc3 Bxc3 31. Bxc5 Bxe1 32. Bxa7 Bxa2 33. Bd4 Bc4 34. g3 g5 35. Kg2 g4 36. hxg4 fxg4 37. f4 Kf7 38. Kh2 Ke6 39. Kg2 Kf5 40. Bg7 h5 41. Bd4 Ke4 42. Bb2 d4 43. f5 d3 44. Bc1 d2 45. Bxd2 Bxd2 46. f6 Ke3 47. f7 Bxf7 48. Kh2 Kf2 0-1